Statistics for Столиците на адм.единици - 1

Click here to take the quiz!

General Stats

  • This quiz has been taken 8 times
  • The average score is 36 of 68

Answer Stats

State% Correct
Венеция
100%
Неапол
100%
Берлин
100%
Хамбург
100%
Мюнхен
100%
Валенсия
100%
Мадрид
100%
Барселона
100%
Рим
100%
Лион
80%
Бордо
80%
Париж
80%
Болоня
80%
Флоренция
80%
Дрезден
80%
Палермо
80%
Севиля
80%
Дюселдорф
80%
Сарагоса
80%
Бремен
80%
Бари
60%
Марсилия
60%
Милано
60%
Палма
60%
Торино
60%
Щутгарт
60%
Магдебург
60%
Кил
60%
Потсдам
60%
Аячо
60%
Майнц
60%
Страсбург
60%
Сеута
40%
Овиедо
40%
Мурсия
40%
Шверин
40%
Хановер
40%
Каляри
40%
Тулуза
40%
Нант
40%
Рен
40%
Триест
40%
Орлеан
40%
Лил
40%
Генуа
40%
Руан
40%
Тренто
40%
Мелиля
40%
Перуджа
40%
Дижон
20%
Висбаден
20%
Кампобасо
20%
Логроньо
20%
Сантандер
20%
Памплона
20%
Аоста
20%
Ерфурт
20%
Мерида
20%
Анкона
20%
Саарбрюкен
20%
Лас Палмас / Санта Крус
20%
Толедо
20%
Витория-Гастеис
20%
Л'Акуила
20%
Сантяго де Компостела
20%
Потенца
20%
Катандзаро
20%
Валядолид
20%

Score Distribution

Percentile by Number Answered

Percent of People with Each Score

Your Score History

You have not taken this quiz